Which governs - the relationship or the contract? (Record no. 106048)

MARC details
000 -LEADER
fixed length control field 01322cam a2200265 4500
001 - CONTROL NUMBER
control field ##L135412
008 - FIXED-LENGTH DATA ELEMENTS--GENERAL INFORMATION
fixed length control field 061025n2006 000 0 eng u
020 ## - INTERNATIONAL STANDARD BOOK NUMBER
International Standard Book Number 9781842193074
035 ## - SYSTEM CONTROL NUMBER
System control number (Sirsi) u135412
041 0# - LANGUAGE CODE
Language code of text/sound track or separate title eng
050 04 - LIBRARY OF CONGRESS CALL NUMBER
Classification number 692.8 $2 18
100 1# - MAIN ENTRY--PERSONAL NAME
Personal name Anvuur, A.
245 00 - TITLE STATEMENT
Title Which governs - the relationship or the contract?
260 ## - PUBLICATION, DISTRIBUTION, ETC.
Place of publication, distribution, etc. London
Name of publisher, distributor, etc. RICS
Date of publication, distribution, etc. 2006
490 #0 - SERIES STATEMENT
Series statement COBRA
Volume/sequential designation 2006
520 ## - SUMMARY, ETC.
Summary, etc. Looks at client's choices of contractual relations in the construction industry and examines the consequences of such choices. Considers whether the client's choice of contractual relationship is fit for purpose and examines the impact of this, with reference to a Hong Kong case study. Suggests that maintaining a high quality relationship as a strategic policy improves the quality and predictability of project performance and strengthens the contract.
590 ## - LOCAL NOTE (RLIN)
Local note IKA311006
651 #4 - SUBJECT ADDED ENTRY--GEOGRAPHIC NAME
Geographic name England and Wales
Chronological subdivision 1543-
690 ## - LOCAL SUBJECT ADDED ENTRY--TOPICAL TERM (OCLC, RLIN)
Topical term or geographic name as entry element BUILT ENVIRONMENT-CONSTRUCTION MANAGEMENT-BUILDING CONTRACT ADMINISTRATION
700 1# - ADDED ENTRY--PERSONAL NAME
Personal name Kumaraswamy, M.
700 1# - ADDED ENTRY--PERSONAL NAME
Personal name Mahesh, G.
711 2# - ADDED ENTRY--MEETING NAME
Meeting name or jurisdiction name as entry element Construction and Building Research Conference
Number of part/section/meeting (11th
Date of meeting or treaty signing 2006
Location of meeting London)
856 40 - ELECTRONIC LOCATION AND ACCESS
Uniform Resource Identifier <a href="https://www.rics.org/RICSWEB/getpage.aspx?p=0JD2Iv8BKEinpRiRpJNM1Q">https://www.rics.org/RICSWEB/getpage.aspx?p=0JD2Iv8BKEinpRiRpJNM1Q</a>
Public note View the paper free of charge at www.rics.org...
942 ## - ADDED ENTRY ELEMENTS (KOHA)
Suppress in OPAC 0
Holdings
Withdrawn status Lost status Source of classification or shelving scheme Damaged status Not for loan Home library Current library Shelving location Date acquired Total Checkouts Full call number Barcode Date last seen Copy number Price effective from Koha item type
    Dewey Decimal Classification     Virtual Virtual Online 25/10/2006   ONLINE PUBLICATION 135412-2001 06/08/2019 1 06/08/2019 Book